000 01106cam a2200349 a 4500
999 _c39006
_d39006
003 BJBSDDR
005 20230410105540.0
007 ta
008 900210s1988 mx a b 000 0 spa
020 _a9681318927
020 _a9789681318925
035 _a(OCoLC)ocm19372840
035 _a(OCoLC)19372840
040 _aDLC
_cBJBSDDR
_bspa
041 _aspa
043 _an-mx---
050 1 4 _aHC 135
_bV722m 1988
100 1 _aVillarreal, René.
245 1 0 _aMéxico 2010: De la industrialización tardía a la reestructuración industrial /
_cRené Villarreal.
260 _aMéxico :
_bEditorial Diana,
_c1988.
300 _a399 p. :
_bill. ;
_c23 cm.
500 _aOn cover: De la industrialización tardía a la reestructuración industrial.
504 _aIncludes bibliographical references (p. 386-399).
650 0 _aIndustries
_zMexico.
650 0 _aIndustrial policy
_zMexico.
650 4 _aIndustrias
_95102
650 4 _aPolítica industrial
_94073
650 4 _aColección René Villarreal (CRV)
_9760
651 4 _aMéxico
_xIndustria
942 _2lcc
_cBK
946 _amfcruz